000 00261nam a22001217a 4500
041 _aENG
100 _aDonovan. J,J
245 _aSystems Programming
260 _aDelhi
_bTata McGraw -Hill ED
_c2003
300 _a488
650 _aM.Tech
856 _uM.Tech -(7)
999 _c997
_d997